| Tag |
First Indicator |
Second Indicator |
Subfields |
| LEADER |
00000cam a2200000 4500 |
| 001 |
in00000042018 |
| 005 |
20151007070710.0 |
| 008 |
750806s1953 enka 00000 eng u |
| 010 |
|
|
|a 54002797
|
| 035 |
|
|
|a (OCoLC)01514668
|
| 035 |
|
|
|9 AAE4537AM
|
| 040 |
|
|
|c DZM
|d TXA
|d UtOrBLW
|
| 049 |
|
|
|a TXAM
|c 1 [319189]
|c 2 [423106]
|
| 050 |
0 |
0 |
|a QB981
|b .S68 1953
|
| 082 |
0 |
|
|a 523.1
|
| 092 |
|
|
|a 523.1
|b S636o, 1953
|
| 100 |
1 |
|
|a Smart, W. M.
|q (William Marshall),
|d 1889-1975.
|
| 245 |
1 |
4 |
|a The origin of the earth.
|
| 250 |
|
|
|a [2d ed.].
|
| 264 |
|
1 |
|a Cambridge [England] :
|b University Press,
|c [1953]
|
| 300 |
|
|
|a 239 pages :
|b illustrations ;
|c 20cm.
|
| 336 |
|
|
|a text
|b txt
|2 rdacontent
|
| 337 |
|
|
|a unmediated
|b n
|2 rdamedia
|
| 338 |
|
|
|a volume
|b nc
|2 rdacarrier
|
| 650 |
|
0 |
|a Cosmogony.
|
| 999 |
|
|
|a MARS
|
| 999 |
f |
f |
|s a1b15944-e23e-3908-9068-bb0668924389
|i 2ac8b2cf-64ac-3bb8-a97b-cc7950ca4c0c
|t 0
|
| 952 |
f |
f |
|p ric
|a Texas A&M University
|b Rellis Campus
|c Joint Library Facility
|d Remote Storage
|t 0
|e QB981 .S68 1953
|h Library of Congress classification
|i unmediated -- volume
|m A14800900972
|
| 998 |
f |
f |
|a QB981 .S68 1953
|t 0
|l Remote Storage
|